Pattern Classification /
Furkejuvvon:
| Váldodahkki: | |
|---|---|
| Eará dahkkit: | , |
| Materiálatiipa: | Girji |
| Giella: | eaŋgalasgiella |
| Almmustuhtton: |
Nueva York, EUA :
Wiley,
2001, c2001
|
| Fáttát: | |
| Fáddágilkorat: |
Eai fáddágilkorat, Lasit vuosttaš fáddágilkora!
|
MARC
| LEADER | 00000nam^a2200000^a^4500 | ||
|---|---|---|---|
| 001 | 000154327 | ||
| 005 | 20250521000000.0 | ||
| 009 | 20260310100351.008 | ||
| 020 | |a 0-471-05669-3 | ||
| 037 | |a Acervo ITESO - Biblioteca | ||
| 041 | |a ING | ||
| 082 | |a 006. 4 |b DUD | ||
| 100 | |a Duda, Richard O. |e (autor) | ||
| 245 | 1 | 0 | |a Pattern Classification / |c R.O. Duda, P.E. Hart, D.G. Stork. |
| 264 | 4 | |a Nueva York, EUA : |b Wiley, |c 2001, c2001 | |
| 300 | |a XX, 654 p. | ||
| 336 | |a texto |b txt |2 rdacontenido | ||
| 337 | |a sin mediación |b n |2 rdamedio | ||
| 338 | |a volumen |b nc |2 rdasoporte | ||
| 649 | |a XX | ||
| 650 | |a Imagen | ||
| 650 | |a Reconocimiento de Patrones | ||
| 650 | |a Manipulación de Imagen por Computadora | ||
| 650 | |a Gráficas por Computadora | ||
| 650 | |a Sistemas Expertos | ||
| 650 | |a Métodos Gráficos | ||
| 650 | |a Algoritmos | ||
| 650 | |a Métodos de Simulación | ||
| 650 | |a Procesos Estocásticos | ||
| 650 | |a Matemáticas | ||
| 650 | |a Bases de Datos | ||
| 650 | |a Análisis de Datos | ||
| 650 | |a Proceso de Datos | ||
| 650 | |a Inteligencia Artificial | ||
| 650 | |a Redes Neurales | ||
| 650 | |a Ingeniería Computacional | ||
| 700 | |a Hart, Peter E. |e (autor) | ||
| 700 | |a Stork, David G. |e (autor) | ||
| 910 | |a Fondo General | ||
| 920 | |a Impresos - Libros | ||
| 930 | |a Colección General | ||
| 905 | |a 101 | ||
| 901 | |a 0500086076 |b IT1 |c ACC |u 20250521 | ||
| 902 | |a https://opac.biblio.iteso.mx/vufind/Record/000154327 | ||